000 00533nam a22001931 4500
001 sa 68003691
003 DLC
005 20260227112455.0
008 710903s1916 ii ac 000 0aeng
010 _asa 68003691
040 _aDLC
_cDLC
_dDLC
050 0 0 _aDS479.1.G6
_bA52 1916
100 1 _aGokhale, Gopal Krishna,
_d1866-1915.
245 0 0 _aSpeeches.
250 _a2d ed.
260 _aMadras,
_bG. A. Natesan
_c[1916]
300 _avii, 1236, xvii p.
_billus., ports.
_c19 cm.
600 1 0 _aGokhale, Gopal Krishna,
_d1866-1915.
999 _c79672
_d79672